Statistics for Countries with the Highest Carbon Dioxide Emissions

Click here to take the quiz!

General Stats

  • This quiz has been taken 46,038 times
    (20,904 since last reset)
  • The average score is 17 of 20

Answer Stats

% of TotalCountryGrowth% Correct
30.5%China+ 375%
100%
13.4%United States+ 1%
100%
6.83%India+ 333%
97%
0.96%United Kingdom- 38%
97%
0.83%France- 19%
96%
1.85%Germany- 31%
96%
4.71%Russia- 25%
96%
1.26%Brazil+ 110%
95%
1.28%Mexico+ 67%
93%
3.03%Japan+ 0%
92%
1.54%Canada+ 29%
91%
1.14%Australia+ 56%
87%
0.87%Italy- 23%
87%
1.65%Indonesia+ 282%
81%
1.71%South Korea+ 141%
76%
1.62%Saudi Arabia+ 255%
76%
1.85%Iran+ 243%
74%
1.30%South Africa+ 58%
70%
1.09%Turkey+ 177%
69%
0.84%Poland- 14%
67%

Score Distribution

Percentile by Number Answered

Percent of People with Each Score

Your Score History

You have not taken this quiz since the last reset